00293nam a2200121Ia 4500008004100000041000900041082001800050100002300068245002700091260003700118300000800155650000800163230718s9999 xx 000 0 und d aEng. a349.07bCHE-T aCheema Zahed isbal 4aThe Comperies &dinance aPakistanbManzon law book c2012 a304 aLaw